[Event "Monarch Assurance Isle of Man 10th"]
[Site "Port Erin IOM"]
[Date "2001.10.07"]
[Round "9.8"]
[White "Shaw, John"]
[Black "Gormally, Daniel W"]
[Result "1/2-1/2"]
[WhiteElo "2478"]
[BlackElo "2481"]
[PlyCount "87"]
[EventDate "2001.09.29"]
[EventType "swiss"]
[EventRounds "9"]
[EventCountry "IOM"]
[SourceTitle "BritBase"]
[SourceDate "2008.07.14"]
[SourceVersion "1"]
[SourceVersionDate "2008.07.14"]
[SourceQuality "2"]

1. e4 c5 2. Nc3 Nc6 3. Bb5 Nd4 4. Ba4 g6 5. Nf3 Bg7 6. O-O Qa5 7. a3 b5 8. b4
Qd8 9. Bb3 Nxb3 10. cxb3 cxb4 11. axb4 Bb7 12. d4 Nf6 13. e5 Nd5 14. Nxb5 a6
15. Na3 Nxb4 16. Bd2 Nd5 17. Nc4 Bc6 18. Qe2 O-O 19. Rfc1 Qb8 20. Na5 Qb5 21.
Qe1 Bb7 22. Rc5 Qb6 23. Qe4 e6 24. Rac1 Rab8 25. Qh4 f6 26. Nxb7 Qxb7 27. b4
Rbc8 28. Qe4 Rb8 29. Qe2 Rfc8 30. Ra1 Nxb4 31. Bxb4 Qxb4 32. Rxc8+ Rxc8 33.
Qxa6 Qc3 34. Re1 fxe5 35. dxe5 Rf8 36. Qa1 Qxa1 37. Rxa1 Kf7 38. Kf1 Ke7 39.
Ke2 Rf5 40. Ra5 g5 41. g4 Rf4 42. h3 h6 43. Ke3 Rc4 44. Rb5 1/2-1/2

[Event "Monarch Assurance Isle of Man 10th"]
[Site "Port Erin IOM"]
[Date "2001.10.07"]
[Round "9.9"]
[White "Collins, Sam IRL"]
[Black "Flear, Glenn"]
[Result "0-1"]
[WhiteElo "2194"]
[BlackElo "2489"]
[PlyCount "64"]
[EventDate "2001.09.29"]
[EventType "swiss"]
[EventRounds "9"]
[EventCountry "IOM"]
[SourceTitle "BritBase"]
[SourceDate "2008.07.14"]
[SourceVersion "1"]
[SourceVersionDate "2008.07.14"]
[SourceQuality "2"]

1. e4 e5 2. Nf3 Nc6 3. Bb5 a6 4. Ba4 Nf6 5. O-O Nxe4 6. d4 b5 7. Bb3 d5 8. dxe5
Be6 9. Qe2 Be7 10. c3 O-O 11. Nbd2 Nxd2 12. Bxd2 Qd7 13. Nd4 Nxd4 14. cxd4 c5
15. Be3 c4 16. Bc2 f5 17. f4 a5 18. h3 g6 19. Kh2 b4 20. Rf2 a4 21. Rg1 Rfc8
22. g4 b3 23. axb3 axb3 24. Bb1 c3 25. gxf5 Bxf5 26. Bxf5 Qxf5 27. Qb5 cxb2 28.
Qxd5+ Kf8 29. Rxb2 Ra2 30. Rbg2 Rc3 31. Rxa2 bxa2 32. Qa8+ Kg7 0-1

[Event "Monarch Assurance Isle of Man 10th"]
[Site "Port Erin IOM"]
[Date "2001.10.07"]
[Round "9.10"]
[White "Williams, Simon K"]
[Black "Hillarp Persson, Tiger"]
[Result "1-0"]
[WhiteElo "2369"]
[BlackElo "2438"]
[PlyCount "117"]
[EventDate "2001.09.29"]
[EventType "swiss"]
[EventRounds "9"]
[EventCountry "IOM"]
[SourceTitle "BritBase"]
[SourceDate "2008.07.14"]
[SourceVersion "1"]
[SourceVersionDate "2008.07.14"]
[SourceQuality "2"]

1. c4 c5 2. Nc3 e6 3. Nf3 Nf6 4. g3 b6 5. Bg2 Bb7 6. O-O d6 7. Re1 a6 8. e4 Be7
9. d4 cxd4 10. Nxd4 Qc7 11. Bg5 O-O 12. Rc1 Nbd7 13. h3 Rfe8 14. Qd2 Rac8 15.
b3 Qb8 16. f4 h6 17. Bh4 Bf8 18. g4 Qa8 19. Bg3 Nc5 20. Qe2 b5 21. g5 Nh7 22.
h4 b4 23. Na4 Nxa4 24. bxa4 e5 25. fxe5 dxe5 26. Nf3 hxg5 27. hxg5 Bc5+ 28. Kh2
Rc6 29. Bh3 Bc8 30. Bf5 g6 31. Bxc8 Qxc8 32. Kg2 Bf8 33. c5 Rxc5 34. Rxc5 Qxc5
35. Qxa6 Qc2+ 36. Re2 Qc3 37. Qb5 Re6 38. Bxe5 Qc1 39. Re1 Qc2+ 40. Re2 Qb1 41.
Qd5 Bg7 42. Bxg7 Kxg7 43. a5 Qc1 44. Rd2 Qc3 45. Qd4+ Kg8 46. Qd8+ Kg7 47. Qd4+
Kg8 48. e5 Qxd4 49. Rxd4 Nxg5 50. Nxg5 Rxe5 51. Ne4 f5 52. a6 Ra5 53. Nc5 Rxa2+
54. Kf3 b3 55. Na4 b2 56. a7 Rxa4 57. Rxa4 b1=Q 58. a8=Q+ Kg7 59. Ra7+ 1-0

[Event "Monarch Assurance Isle of Man 10th"]
[Site "Port Erin IOM"]
[Date "2001.10.07"]
[Round "9.12"]
[White "Ryan, Joseph"]
[Black "Sowray, Peter J"]
[Result "1/2-1/2"]
[WhiteElo "2305"]
[BlackElo "2334"]
[PlyCount "191"]
[EventDate "2001.09.29"]
[EventType "swiss"]
[EventRounds "9"]
[EventCountry "IOM"]
[SourceTitle "BritBase"]
[SourceDate "2008.07.14"]
[SourceVersion "1"]
[SourceVersionDate "2008.07.14"]
[SourceQuality "2"]

1. d4 Nf6 2. Nf3 e6 3. e3 b6 4. Bd3 Bb7 5. O-O d5 6. b3 Be7 7. Bb2 O-O 8. c4
Nbd7 9. Nc3 Rc8 10. Qe2 Ne4 11. cxd5 Nxc3 12. Bxc3 exd5 13. Ba6 Bxa6 14. Qxa6
Ra8 15. Bb2 Qc8 16. Qxc8 Rfxc8 17. Rfc1 Kf8 18. Rc2 Bd6 19. Ne1 Ke7 20. Nd3 a5
21. a4 Nb8 22. f3 Kd7 23. e4 Nc6 24. Rac1 Ne7 25. Bc3 c6 26. e5 Bb8 27. Be1 Ba7
28. Bf2 b5 29. g4 bxa4 30. bxa4 Rcb8 31. f4 Rb3 32. Rc3 Rab8 33. Rxb3 Rxb3 34.
Nc5+ Bxc5 35. Rxc5 Kc7 36. Rxa5 Kb7 37. Rc5 Ng6 38. Bg3 Ra3 39. a5 Ra4 40. f5
Nf8 41. Bf2 Kc7 42. g5 Kd7 43. Kg2 g6 44. e6+ fxe6 45. f6 e5 46. dxe5 Ne6 47.
Rc3 Rxa5 48. Rb3 Rb5 49. Ra3 Rb7 50. h4 Nc7 51. Rf3 Ne6 52. f7 Rb8 53. Bc5 Nxc5
54. f8=Q Rxf8 55. Rxf8 Nd3 56. Rf7+ Ke6 57. Rf6+ Kxe5 58. Rxc6 Kf4 59. Rc7 Kg4
60. Rxh7 Nf4+ 61. Kf2 d4 62. Re7 Nd3+ 63. Ke2 Nf4+ 64. Kd2 Kxh4 65. Re4 Kxg5
66. Rxd4 Kf5 67. Rd8 g5 68. Ke3 Kg4 69. Ke4 Ne2 70. Ke5 Nf4 71. Rg8 Nh5 72. Ra8
Nf4 73. Ra4 Kh5 74. Kf5 Ng2 75. Ra8 Nh4+ 76. Kf6 Kg4 77. Ra4+ Kh5 78. Ra5 Nf3
79. Ra7 Kg4 80. Rg7 Kh5 81. Kf5 Nh4+ 82. Kf6 Nf3 83. Rg8 Kg4 84. Ra8 Kh5 85.
Ra4 Nh4 86. Rb4 Nf3 87. Rb5 Kg4 88. Rb2 Kh5 89. Rg2 g4 90. Ra2 Kh4 91. Ra4 Kg3
92. Kf5 Nh4+ 93. Kg5 Nf3+ 94. Kh5 Nh2 95. Rb4 Kh3 96. Rxg4 1/2-1/2

[Event "Monarch Assurance Isle of Man 10th"]
[Site "Port Erin IOM"]
[Date "2001.10.07"]
[Round "9.16"]
[White "Marusenko, Petr"]
[Black "Valenti, Richard"]
[Result "1/2-1/2"]
[WhiteElo "2362"]
[BlackElo "2143"]
[PlyCount "34"]
[EventDate "2001.09.29"]
[EventType "swiss"]
[EventRounds "9"]
[EventCountry "IOM"]
[SourceTitle "BritBase"]
[SourceDate "2008.07.14"]
[SourceVersion "1"]
[SourceVersionDate "2008.07.14"]
[SourceQuality "2"]

1. e4 g6 2. d4 Bg7 3. Nc3 c6 4. Nf3 d5 5. Bf4 dxe4 6. Nxe4 Qa5+ 7. Qd2 Qxd2+ 8.
Kxd2 Nf6 9. Nc5 b6 10. Nd3 Nd5 11. Bg5 f6 12. Bh4 Bh6+ 13. Kd1 O-O 14. Bg3 b5
15. Be2 Bf5 16. Re1 Nd7 17. h3 Rfd8 1/2-1/2

[Event "Monarch Assurance Isle of Man 10th"]
[Site "Port Erin IOM"]
[Date "2001.10.07"]
[Round "9.17"]
[White "Bisby, Daniel"]
[Black "Coathup, Roger"]
[Result "1-0"]
[WhiteElo "2285"]
[BlackElo "2130"]
[PlyCount "80"]
[EventDate "2001.09.29"]
[EventType "swiss"]
[EventRounds "9"]
[EventCountry "IOM"]
[SourceTitle "BritBase"]
[SourceDate "2008.07.14"]
[SourceVersion "1"]
[SourceVersionDate "2008.07.14"]
[SourceQuality "2"]

1. e4 c5 2. Nc3 Nc6 3. f4 g6 4. Nf3 Bg7 5. Bb5 Nd4 6. Bd3 e6 7. e5 d6 8. O-O
Nh6 9. Nxd4 cxd4 10. Ne4 dxe5 11. fxe5 Bxe5 12. Bb5+ Bd7 13. Bxd7+ Qxd7 14. d3
Nf5 15. Bf4 Qc7 16. Nf6+ Ke7 17. Bxe5 Qxe5 18. Ng4 Qd5 19. Qd2 f6 20. Nh6 Rac8
21. c4 dxc3 22. bxc3 Qc5+ 23. d4 Qxc3 24. Nxf5+ gxf5 25. Qh6 Qxd4+ 26. Kh1 Rcg8
27. Rad1 Qe4 28. Rf2 Rg5 29. Rfd2 Qc6 30. Qh3 Rhg8 31. Qa3+ Kf7 32. Qh3 h5 33.
Rd7+ Ke8 34. Rd8+ Kf7 35. R1d7+ Kg6 36. Rxg8+ Kh6 37. Rh8+ Kg6 38. Rg8+ Kh6 39.
Rgd8 Rg8 40. Qe3+ Rg5 {time} 1-0

[Event "Monarch Assurance Isle of Man 10th"]
[Site "Port Erin IOM"]
[Date "2001.10.07"]
[Round "9.18"]
[White "Smith, Andrew P"]
[Black "Goodger, Martyn"]
[Result "1-0"]
[WhiteElo "2234"]
[BlackElo "2136"]
[PlyCount "63"]
[EventDate "2001.09.29"]
[EventType "swiss"]
[EventRounds "9"]
[EventCountry "IOM"]
[SourceTitle "BritBase"]
[SourceDate "2008.07.14"]
[SourceVersion "1"]
[SourceVersionDate "2008.07.14"]
[SourceQuality "2"]

1. e4 e5 2. d4 exd4 3. Qxd4 Nc6 4. Qe3 Nf6 5. Nc3 Bb4 6. Bd2 O-O 7. O-O-O Re8
8. Qg3 Rxe4 9. a3 Bxc3 10. Bxc3 d6 11. Bd3 Re8 12. f4 Nh5 13. Qf2 Bg4 14. Rf1
Bd7 15. h3 Qe7 16. g4 Nf6 17. Re1 Qf8 18. Nf3 d5 19. Qh4 Ne4 20. Ng5 h6 21.
Nxe4 dxe4 22. Bxe4 f5 23. Bd5+ Kh7 24. g5 Rxe1+ 25. Rxe1 Re8 26. g6+ Kxg6 27.
Rg1+ Kh7 28. Qh5 Ne7 29. Bf7 Rd8 30. Bb4 c5 31. Bxc5 Rc8 32. Bxe7 1-0

[Event "Monarch Assurance Isle of Man 10th"]
[Site "Port Erin IOM"]
[Date "2001.10.07"]
[Round "9.19"]
[White "Simons, Martin"]
[Black "Lutton, J Ezra"]
[Result "1-0"]
[WhiteElo "2215"]
[BlackElo "2093"]
[PlyCount "77"]
[EventDate "2001.09.29"]
[EventType "swiss"]
[EventRounds "9"]
[EventCountry "IOM"]
[SourceTitle "BritBase"]
[SourceDate "2008.07.14"]
[SourceVersion "1"]
[SourceVersionDate "2008.07.14"]
[SourceQuality "2"]

1. e4 e6 2. d3 d5 3. Nd2 Nf6 4. Ngf3 c5 5. g3 Be7 6. Bg2 Nc6 7. O-O b5 8. Re1
a5 9. exd5 exd5 10. d4 c4 11. a4 b4 12. Ne5 Nxd4 13. Ndxc4 Ne6 14. Nc6 Qc7 15.
Nxe7 Kxe7 16. Ne3 Rd8 {(=)} 17. Nf5+ Kf8 18. Be3 Bb7 19. Nd4 Nxd4 20. Bxd4 Qc6
21. c3 bxc3 22. bxc3 Ne4 23. Rb1 Rac8 24. Qg4 f6 25. c4 Ba8 26. cxd5 Qxd5 27.
Bb6 f5 28. Qh4 Rd6 29. Rb5 Qd3 30. Qxh7 Nf6 31. Qh8+ Ng8 32. Bc5 Bxg2 33. Bxd6+
Qxd6 34. Rxf5+ Qf6 35. Rxf6+ gxf6 36. Kxg2 Rc7 37. Qh5 Rf7 38. Qxa5 Ne7 39. Qc5
1-0

[Event "Monarch Assurance Isle of Man 10th"]
[Site "Port Erin IOM"]
[Date "2001.10.07"]
[Round "9.20"]
[White "McNally, Bruce"]
[Black "Clark, Stephen P"]
[Result "0-1"]
[WhiteElo "2010"]
[BlackElo "2112"]
[PlyCount "72"]
[EventDate "2001.09.29"]
[EventType "swiss"]
[EventRounds "9"]
[EventCountry "IOM"]
[SourceTitle "BritBase"]
[SourceDate "2008.07.14"]
[SourceVersion "1"]
[SourceVersionDate "2008.07.14"]
[SourceQuality "2"]

1. d4 Nf6 2. Nf3 g6 3. e3 Bg7 4. Bd3 d6 5. O-O Nbd7 6. c3 O-O 7. Nbd2 e5 8. Qc2
b6 9. b3 Bb7 10. Ba3 Re8 11. e4 Nh5 12. Rfe1 Qf6 13. Rad1 Rad8 14. Bc1 g5 15.
dxe5 dxe5 16. Nf1 Nf4 17. Ng3 g4 18. Nd2 Nxd3 19. Qxd3 Nc5 20. Qc2 Nd3 21. Rf1
Ba6 22. c4 Bf8 23. Nb1 Nxc1 24. Qxc1 Bc5 25. Nc3 c6 26. a4 Bc8 27. Qc2 Rd4 28.
Nce2 Rxd1 29. Qxd1 Rd8 30. Qc2 Qd6 31. Qc3 Bb4 32. Qe3 {(=)} Bd2 33. Nf5 Bxf5
34. Qg3 Bxe4 35. Qxg4+ Qg6 36. Qh4 Qxg2# 0-1

[Event "Monarch Assurance Isle of Man 10th"]
[Site "Port Erin IOM"]
[Date "2001.10.07"]
[Round "9.21"]
[White "Bolt, Graham"]
[Black "Ellison, D George"]
[Result "1/2-1/2"]
[WhiteElo "2124"]
[BlackElo "2104"]
[PlyCount "26"]
[EventDate "2001.09.29"]
[EventType "swiss"]
[EventRounds "9"]
[EventCountry "IOM"]
[SourceTitle "BritBase"]
[SourceDate "2008.07.14"]
[SourceVersion "1"]
[SourceVersionDate "2008.07.14"]
[SourceQuality "2"]

1. e4 c5 2. Nf3 d6 3. d4 cxd4 4. Nxd4 Nf6 5. Nc3 a6 6. f4 e5 7. Nf3 Nbd7 8. Bd3
b5 9. O-O Be7 10. Qe1 O-O 11. f5 Bb7 12. a3 Re8 13. Bg5 d5 1/2-1/2

[Event "Monarch Assurance Isle of Man 10th"]
[Site "Port Erin IOM"]
[Date "2001.10.07"]
[Round "9.22"]
[White "May, Frank"]
[Black "Howell, David W"]
[Result "1/2-1/2"]
[WhiteElo "2125"]
[BlackElo "2193"]
[PlyCount "91"]
[EventDate "2001.09.29"]
[EventType "swiss"]
[EventRounds "9"]
[EventCountry "IOM"]
[SourceTitle "BritBase"]
[SourceDate "2008.07.14"]
[SourceVersion "1"]
[SourceVersionDate "2008.07.14"]
[SourceQuality "2"]

1. d4 Nf6 2. c4 g6 3. Nc3 d5 4. Bg5 Ne4 5. Bh4 Nxc3 6. bxc3 dxc4 7. Qa4+ Nd7 8.
Nf3 Bg7 9. e3 O-O 10. Qxc4 c5 11. Bd3 a6 12. O-O b5 13. Qd5 Ra7 14. a4 c4 15.
Bc2 Bb7 16. Qg5 Bf6 17. Qf4 Ra8 18. e4 Bxh4 19. Qxh4 f6 20. Rfe1 e5 21. Rad1
Qe7 22. dxe5 Rae8 23. exf6 Nxf6 24. axb5 axb5 25. Ng5 Nh5 26. Nf3 Qg7 27. Qg5
Qxc3 28. Qxb5 Qxc2 29. Qxb7 Rf7 30. Rd7 Ref8 31. Rxf7 Rxf7 32. Qa8+ Kg7 33.
Qa1+ Kg8 34. Qc1 Qa2 35. e5 Re7 36. Qg5 Qa3 37. Qe3 Qa5 38. Rc1 Qd5 39. Qc3 Rc7
40. g3 Rf7 41. Ng5 Rf5 42. h4 h6 43. Qxc4 Qxc4 44. Rxc4 hxg5 45. g4 Rxe5 46.
gxh5 1/2-1/2

[Event "Monarch Assurance Isle of Man 10th"]
[Site "Port Erin IOM"]
[Date "2001.10.07"]
[Round "9.23"]
[White "Benson, Paul"]
[Black "Isherwood, Paul"]
[Result "1-0"]
[WhiteElo "2046"]
[BlackElo "2172"]
[PlyCount "99"]
[EventDate "2001.09.29"]
[EventType "swiss"]
[EventRounds "9"]
[EventCountry "IOM"]
[SourceTitle "BritBase"]
[SourceDate "2008.07.14"]
[SourceVersion "1"]
[SourceVersionDate "2008.07.14"]
[SourceQuality "2"]

1. d4 d5 2. Nc3 Nf6 3. Bg5 Nbd7 4. Nf3 e6 5. e4 dxe4 6. Nxe4 Be7 7. Nxf6+ Nxf6
8. Bd3 O-O 9. Qd2 b6 10. Qf4 Bb7 11. O-O-O g6 12. h4 h5 13. Ne5 Nd5 14. Qg3
Bxg5+ 15. hxg5 Kg7 16. Be4 Nc3 17. Qxc3 Bxe4 18. f3 Qxg5+ 19. Kb1 Bf5 20. d5
Qf6 21. g4 hxg4 22. fxg4 Bxg4 23. Nxg4 Qxc3 24. bxc3 exd5 25. Rxd5 Rae8 26. Rd7
Re4 27. Rh7+ Kxh7 28. Nf6+ Kg7 29. Nxe4 Rc8 30. Kc1 a6 31. Kd2 Re8 32. Kd3 Re5
33. Rxc7 g5 34. Kd4 Ra5 35. Nd6 Rxa2 36. Rxf7+ Kg6 37. Rf2 Kh5 38. Ne4 b5 39.
Kd3 Ra1 40. Rh2+ Kg4 41. Rg2+ Kf4 42. Nxg5 Rd1+ 43. Ke2 Rb1 44. Kd2 a5 45. Rg1
Rb2 46. Nh3+ Ke4 47. Ra1 b4 48. Nf2+ Kf3 49. Nd1 bxc3+ 50. Nxc3 1-0

[Event "Monarch Assurance Isle of Man 10th"]
[Site "Port Erin IOM"]
[Date "2001.10.07"]
[Round "9.24"]
[White "Van Kemenade, Rudy"]
[Black "Yurenok, Maria"]
[Result "0-1"]
[WhiteElo "1992"]
[BlackElo "2088"]
[PlyCount "62"]
[EventDate "2001.09.29"]
[EventType "swiss"]
[EventRounds "9"]
[EventCountry "IOM"]
[SourceTitle "BritBase"]
[SourceDate "2008.07.14"]
[SourceVersion "1"]
[SourceVersionDate "2008.07.14"]
[SourceQuality "2"]

1. d4 d5 2. c4 c6 3. Nf3 Nf6 4. Nbd2 Bf5 5. g3 e6 6. Bg2 Bd6 7. b3 Ne4 8. Bb2
Nd7 9. O-O O-O 10. Ne5 Nxd2 11. Qxd2 f6 12. Nd3 Qe7 13. f3 Bg6 14. e4 Rfc8 15.
Rae1 Qf8 16. f4 Bxe4 17. Bxe4 dxe4 18. Rxe4 Qf7 19. Ne5 fxe5 20. fxe5 Qg6 21.
exd6 Qxe4 22. Re1 Qf5 23. Qe2 Rf8 24. Qxe6+ Qxe6 25. Rxe6 Rae8 26. d5 cxd5 27.
cxd5 Kf7 28. Re7+ Rxe7 29. dxe7 Re8 30. d6 Ke6 31. Ba3 b6 0-1

[Event "Monarch Assurance Isle of Man 10th"]
[Site "Port Erin IOM"]
[Date "2001.10.07"]
[Round "9.25"]
[White "Ormsby, Alan"]
[Black "Stuart, E Leslie"]
[Result "1/2-1/2"]
[WhiteElo "1720"]
[BlackElo "2039"]
[PlyCount "95"]
[EventDate "2001.09.29"]
[EventType "swiss"]
[EventRounds "9"]
[EventCountry "IOM"]
[SourceTitle "BritBase"]
[SourceDate "2008.07.14"]
[SourceVersion "1"]
[SourceVersionDate "2008.07.14"]
[SourceQuality "2"]

1. e4 c5 2. Nf3 e6 3. d4 cxd4 4. Nxd4 Nf6 5. Nc3 Bb4 6. e5 Ne4 7. Qg4 Qa5 8.
Qxg7 Bxc3+ 9. Ke2 d5 10. Qxh8+ Kd7 11. Nb3 Qc7 12. bxc3 Qxc3 13. Qf8 b6 14. Be3
Nc6 15. Qxf7+ Ne7 16. Kd1 Qb4 17. Bd3 Nc3+ 18. Ke1 Bb7 19. Bd2 d4 20. Bxc3 dxc3
21. Rd1 Bd5 22. f3 a5 23. Nd4 Rg8 24. Bb5+ Kc8 25. Nc6 Bxc6 26. Qxe6+ Kb7 27.
Bxc6+ Ka6 28. g4 Rg6 29. Qb3 Nxc6 30. Qxb4 Nxb4 31. a4 Rg5 32. Kf2 Rxe5 33.
Rhe1 Rc5 34. Re2 Rc6 35. h4 b5 36. axb5+ Kxb5 37. Re5+ Kb6 38. Ra1 Nxc2 39.
Raxa5 Nd4 40. Ra1 c2 41. g5 h6 42. gxh6 Rxh6 43. Kg3 Nb3 44. Rh1 c1=Q 45. Rxc1
Nxc1 46. Kg4 Kc6 47. Kg5 Rh8 48. h5 1/2-1/2

[Event "Monarch Assurance Isle of Man 10th"]
[Site "Port Erin IOM"]
[Date "2001.10.07"]
[Round "9.26"]
[White "Spanton, Tim"]
[Black "Allen, Keith"]
[Result "0-1"]
[WhiteElo "2051"]
[BlackElo "2289"]
[PlyCount "70"]
[EventDate "2001.09.29"]
[EventType "swiss"]
[EventRounds "9"]
[EventCountry "IOM"]
[SourceTitle "BritBase"]
[SourceDate "2008.07.14"]
[SourceVersion "1"]
[SourceVersionDate "2008.07.14"]
[SourceQuality "2"]

1. c4 f5 2. Nc3 Nf6 3. g3 c6 4. d4 d5 5. b3 e6 6. Bg2 Bd6 7. c5 Bc7 8. f4 b6 9.
b4 a5 10. Ba3 axb4 11. Bxb4 Na6 12. cxb6 Bxf4 13. gxf4 Nxb4 14. b7 Bxb7 15. Qb3
Qa5 16. Nh3 O-O 17. O-O c5 18. e3 Ba6 19. Rfc1 Bc4 20. Qd1 Nd3 21. Rc2 cxd4 22.
exd4 Qb6 23. Ne2 Ng4 24. Qd2 h6 25. Rc3 Ra4 26. Rxd3 Bxd3 27. Qxd3 Qb2 28. Qd1
Rxa2 29. Rxa2 Qxa2 30. Nc3 Qb2 31. Qe1 Kf7 32. Ne2 Ra8 33. Bf1 Ra1 34. Qh4 Qxe2
35. Ng5+ Kg8 0-1

[Event "Monarch Assurance Isle of Man 10th"]
[Site "Port Erin IOM"]
[Date "2001.10.07"]
[Round "9.27"]
[White "Waugh, Jonathon C"]
[Black "Nicholson, John"]
[Result "1-0"]
[WhiteElo "1672"]
[BlackElo "1865"]
[PlyCount "27"]
[EventDate "2001.09.29"]
[EventType "swiss"]
[EventRounds "9"]
[EventCountry "IOM"]
[SourceTitle "BritBase"]
[SourceDate "2008.07.14"]
[SourceVersion "1"]
[SourceVersionDate "2008.07.14"]
[SourceQuality "2"]

1. e4 c5 2. Nf3 e6 3. d4 cxd4 4. Nxd4 a6 5. Nc3 Qc7 6. Be3 Nc6 7. Be2 Nf6 8. a3
b5 9. Qd2 Bb7 10. f3 b4 11. Na4 a5 12. Nb5 Qb8 13. Bb6 Be7 14. Bc7 1-0